Suomen pääministerien etunimet - Statistics

Yleistilastot
  • Tätä visaa on pelattu 134 kertaa
    124 viimeisimmän päivityksen jälkeen
  • Keskiarvotulos 35 / 68
Vastaustilastot
Järjestys Etunimi Pääministeri % Oikein
68. Antti III (Petteri) Petteri Orpo
93%
67. Sanna Sanna Marin
93%
26. Anders Antti Hackzell
85%
12. Antti I Antti Tulenheimo
85%
66. Antti II Antti Rinne
85%
60. Anneli Anneli Jäätteenmäki
80%
27. Urho I Urho Castrén
80%
31. Urho II Urho Kekkonen
80%
34. Urho II Urho Kekkonen
80%
61. Matti Matti Vanhanen
78%
29. Mauno I Mauno Pekkala
78%
46. Mauno II Mauno Koivisto
78%
55. Mauno II Mauno Koivisto
78%
59. Paavo Paavo Lipponen
77%
65. Juha Juha Sipilä
76%
64. Cai-Göran (Alexander) Alexander Stubb
74%
63. Jyrki Jyrki Katainen
74%
62. Mari Mari Kiviniemi
73%
51. Taisto (Kalevi) Kalevi Sorsa
70%
54. Taisto (Kalevi) Kalevi Sorsa
70%
56. Taisto (Kalevi) Kalevi Sorsa
70%
58. Esko Esko Aho
67%
57. Harri Harri Holkeri
67%
15. Johan I Juho Sunila
66%
19. Johan I Juho Sunila
66%
24. Johan II Jukka Rangell
60%
1. Pehr Pehr Evind Svinhufvud
60%
18. Pehr Pehr Evind Svinhufvud
60%
2. Juho I Juho Kusti Paasikivi
56%
28. Juho I Juho Kusti Paasikivi
56%
5. Juho II Juho Vennola
56%
7. Juho II Juho Vennola
56%
9. Kyösti Kyösti Kallio
51%
13. Kyösti Kyösti Kallio
51%
17. Kyösti Kyösti Kallio
51%
21. Kyösti Kyösti Kallio
51%
23. Risto Risto Ryti
48%
44. Johannes Johannes Virolainen
45%
30. Karl-August Karl-August Fagerholm
45%
35. Karl-August Karl-August Fagerholm
45%
39. Karl-August Karl-August Fagerholm
45%
3. Lars Lauri Ingman
45%
11. Lars Lauri Ingman
45%
42. Ahti Ahti Karjalainen
41%
48. Ahti Ahti Karjalainen
41%
4. Kaarlo Kaarlo Castrén
40%
41. Martti Martti Miettunen
39%
53. Martti Martti Miettunen
39%
45. Kustaa (Rafael) Rafael Paasio
38%
50. Kustaa (Rafael) Rafael Paasio
38%
6. Rafael Rafael Erich
38%
14. Väinö Väinö Tanner
33%
32. Sakari Sakari Tuomioja
29%
52. Keijo Keijo Liinamaa
28%
47. Teuvo Teuvo Aura
27%
49. Teuvo Teuvo Aura
27%
20. Toivo Toivo Kivimäki
21%
25. Edwin Edwin Linkomies
18%
33. Ralf Ralf Törngren
17%
38. Reino I Reino Kuuskoski
17%
43. Reino II Reino Ragnar Lehto
17%
16. Oskar Oskari Mantere
16%
36. Vieno Vieno Johannes Sukselainen
16%
40. Vieno Vieno Johannes Sukselainen
16%
8. Aimo Aimo Kaarlo Cajander
13%
10. Aimo Aimo Kaarlo Cajander
13%
22. Aimo Aimo Kaarlo Cajander
13%
37. Berndt (Rainer) Rainer von Fieandt
12%
Ehtoja vastaavia visoja ei löytynyt
Tulosjakauma
Jokaisen tuloksen saaneiden osuus
Persentiili vastausten määrän mukaan
Tuloshistoriasi
Et ole pelannut tätä visaa sen viimeisimmän päivityksen jälkeen